Months of the Year in French - Statistics

General Stats
  • This quiz has been taken 4,554 times
  • The average score is 11 of 12
Answer Stats
English Français % Correct
April avril
96%
December décembre
96%
November novembre
96%
October octobre
96%
September septembre
96%
May mai
95%
January janvier
94%
March mars
94%
February février
91%
August août
86%
June juin
84%
July juillet
77%
No matching quizzes found
Score Distribution
Percent of People with Each Score
Percentile by Number Answered
Your Score History
You have not taken this quiz